Introducción a la historia de la comunicación social
Kaydedildi:
| Asıl Yazarlar: | , |
|---|---|
| Materyal Türü: | Kitap |
| Dil: | İspanyolca |
| Baskı/Yayın Bilgisi: |
Barcelona
Ariel
2001
|
| Edisyon: | 1a. ed |
| Seri Bilgileri: | Ariel Comunicación
|
| Konular: | |
| Etiketler: |
Etiketle
Etiket eklenmemiş, İlk siz ekleyin!
|
MARC
| LEADER | 00000nam a2200000 a 4500 | ||
|---|---|---|---|
| 001 | UCG2058 | ||
| 003 | CL-VaPUC | ||
| 008 | 100610e20010900SP |||||||||||||||||spa|d | ||
| 020 | |a 8434412861 | ||
| 082 | 0 | 4 | |a 302.23 |b MON |2 21 |
| 100 | |a Montero Díaz, Julio |e autor |9 550298 | ||
| 700 | 0 | |a Rueda Laffond, José Carlos |e author |9 550299 | |
| 245 | 1 | 0 | |a Introducción a la historia de la comunicación social |
| 250 | |a 1a. ed | ||
| 300 | |a 187 p | ||
| 942 | |c BK | ||
| 945 | |d 20100610 00:00:00 |a dcastane | ||
| 260 | |a Barcelona |b Ariel |c 2001 | ||
| 650 | 0 | |a Telecomunicaciones |9 257195 | |
| 650 | 7 | |a POLITICA DE COMUNICACION |2 CL-VaPUC |9 550300 | |
| 650 | 0 | |a Comunicación |9 257251 | |
| 583 | |a last modification |c 20180502 10:58:09 |k Rodrigo Vera | ||
| 490 | 0 | |a Ariel Comunicación | |
| 999 | |c 341298 |d 341296 | ||
| 952 | |0 0 |1 0 |4 0 |6 302_230000000000000_MON_2001 |7 0 |8 A |9 436677 |a BIBCUR |b BIBCUR |d 2019-11-22 |i 4682777 |o 302.23 MON 2001 |p 4682777 |r 2025-04-22 |w 2019-11-22 |y BK |k PER | ||